तीसरी दुनिया / (Record no. 121506)

MARC details
000 -LEADER
fixed length control field 00830nam a22002417a 4500
005 - DATE AND TIME OF LATEST TRANSACTION
control field 20170124103216.0
010 ## - LIBRARY OF CONGRESS CONTROL NUMBER
LC control number A-455619
020 ## - INTERNATIONAL STANDARD BOOK NUMBER
Terms of availability 00.00
035 ## - SYSTEM CONTROL NUMBER
System control number A-455619
037 ## - SOURCE OF ACQUISITION
Source of stock number/acquisition Cen Lib/Ret
040 ## - CATALOGING SOURCE
Original cataloging agency DPL
Language of cataloging HN
082 ## - DEWEY DECIMAL CLASSIFICATION NUMBER
Classification number
Item number दासज
100 ## - MAIN ENTRY--PERSONAL NAME
Personal name दास, जगन्नाथ प्रसाद
9 (RLIN) 70930
245 ## - TITLE STATEMENT
Title तीसरी दुनिया /
Statement of responsibility, etc जगन्नाथ प्रसाद दास
246 ## - VARYING FORM OF TITLE
Title proper/short title Teesri duniya /
Remainder of title by Jagannath Prasad Das
260 ## - PUBLICATION, DISTRIBUTION, ETC. (IMPRINT)
Date of publication, distribution, etc 1990
300 ## - PHYSICAL DESCRIPTION
Extent 171पृ.
Dimensions 18सेमी(सजिल्द)
650 ## - SUBJECT ADDED ENTRY--TOPICAL TERM
Topical term or geographic name as entry element हिन्दी -- साहित्य
9 (RLIN) 110700
650 ## - SUBJECT ADDED ENTRY--TOPICAL TERM
Topical term or geographic name as entry element हिन्दी -- कहानी
9 (RLIN) 110701
650 ## - SUBJECT ADDED ENTRY--TOPICAL TERM
Topical term or geographic name as entry element Hindi literature
9 (RLIN) 110702
650 ## - SUBJECT ADDED ENTRY--TOPICAL TERM
Topical term or geographic name as entry element Hindi - story
9 (RLIN) 43117
942 ## - ADDED ENTRY ELEMENTS (KOHA)
Source of classification or shelving scheme Dewey Decimal Classification
Koha item type Hindi Books
Classification part
Call number suffix दासज
Holdings
Withdrawn status Lost status Damaged status Not for loan Home library Current library Date acquired Source of acquisition Cost, normal purchase price Total Checkouts Full call number Barcode Date last seen Copy number Cost, replacement price Price effective from Koha item type Public note
Written off       Central Library Central Library 08/10/2015 Cen Lib/Ret 0.00   क दासज A-455619 08/10/2015 1 0.00 08/10/2015 Hindi Books Written off on approval by DLB (By Circulation); dtd 15-06-2023

© Delhi Public Library
Hit Counter
free hit counter